000 00656nam a2200217 a 4500
005 20140310183448.0
008 081127s19uu xx 00 eng d
020 _a9780470044698
050 _aHD 69.P75
_b.C354 2007
100 _aCallahan, Kevin R.
245 _aProject management accounting :
_bbudgeting, traking, and reporting costs and profitability /
260 _aU.S.A :
_bJohn Wiley & sons, Inc,
_c2007.
300 _a179 p. :
_c23 cm.
521 _aBSBA
650 _aProject management
_xAccounting.
650 _aCost accounting.
700 _aStetz, Gary S.
700 _aBrooks, Lynne M.
942 _cBK
_2lcc
_kFOR
999 _c23303
_d23303